Vista normal
Vista MARC
Entrada Materia (personas)
Número de registros utilizados en: 1
001 - CONTROL NUMBER
- control field: 68107
003 - CONTROL NUMBER IDENTIFIER
- control field: Co-BoUCM
005 - DATE AND TIME OF LATEST TRANSACTION
- control field: 20150325082756.0
008 - FIXED-LENGTH DATA ELEMENTS
- fixed length control field: 150325|| aca||aabn | a|a d
040 ## - CATALOGING SOURCE
- Original cataloging agency: Co-BoUCM
- Transcribing agency: Co-BoUCM
100 ## - HEADING--PERSONAL NAME
- Personal name: Lewis, Nicola Denzey
670 ## - SOURCE DATA FOUND
- Source citation: Work cat.: (Co-BoUCM)298927: Lewis, Nicola Denzey, Introduction to "gnosticism", 2013